[Event "GRE-chT 45th"]
[Site "Achaia"]
[Date "2017.07.06"]
[Round "5.17"]
[White "Antonopoulos, Panagiotis"]
[Black "Zgouletas, Ioannis"]
[Result "0-1"]
[WhiteElo "1335"]
[BlackElo "1467"]
[PlyCount "78"]
[EventDate "2017.07.03"]
[EventType "team-swiss"]
[EventRounds "7"]
[EventCountry "GRE"]
[SourceTitle "CBM 179 Extra"]
[Source "ChessBase"]
[SourceDate "2017.08.23"]
[SourceVersion "1"]
[SourceVersionDate "2017.08.23"]
[SourceQuality "1"]
[WhiteTeam "Filiatron CN"]
[BlackTeam "Volos IN"]
[WhiteTeamCountry "GRE"]
[BlackTeamCountry "GRE"]

1. e4 e5 2. Nf3 Nc6 3. Nc3 Nf6 4. d4 exd4 5. Nxd4 d6 6. Nxc6 bxc6 7. Bg5 Be7 8. Qd2 a5 9. Bc4 Be6 10. Bxe6 fxe6 11. 0-0 0-0 12. Rfe1 d5 13. exd5 exd5 14. Re6 Qd7 15. Rae1 Rae8 16. Qe2 Bd6 17. Bxf6 Rxe6 18. Qxe6+ Qxe6 19. Rxe6 Rxf6 20. Rxf6 gxf6 21. h3 Kf7 22. Kf1 Ke6 23. Ke2 Ke5 24. Kf3 d4 25. Ne2 c5 26. b3 Kd5 27. Nf4+ Bxf4 28. Kxf4 c4 29. Kf3 cxb3 30. axb3 c5 31. Ke2 c4 32. Kd2 cxb3 33. cxb3 Kc5 34. Kc2 Kb4 35. f4 d3+ 36. Kxd3 Kxb3 37. g4 a4 38. f5 a3 39. g5 a2 0-1

[Event "GRE-chT 45th"]
[Site "Achaia"]
[Date "2017.07.04"]
[Round "3.17"]
[White "Dalianis, Georgios"]
[Black "Antonopoulos, Panagiotis"]
[Result "1-0"]
[WhiteElo "1592"]
[BlackElo "1335"]
[PlyCount "71"]
[EventDate "2017.07.03"]
[EventType "team-swiss"]
[EventRounds "7"]
[EventCountry "GRE"]
[SourceTitle "CBM 179 Extra"]
[Source "ChessBase"]
[SourceDate "2017.08.23"]
[SourceVersion "1"]
[SourceVersionDate "2017.08.23"]
[SourceQuality "1"]
[WhiteTeam "Patron Sailing"]
[BlackTeam "Filiatron CN"]
[WhiteTeamCountry "GRE"]
[BlackTeamCountry "GRE"]

1. e4 e5 2. Nf3 Nc6 3. Bc4 Bc5 4. c3 Nf6 5. d3 0-0 6. 0-0 d6 7. Bb3 h6 8. Nbd2 Qe7 9. h3 Be6 10. Ba4 Qd7 11. d4 Bb6 12. d5 Nxd5 13. exd5 Bxd5 14. Qe2 f5 15. Nc4 Bxc4 16. Qxc4+ Kh8 17. Be3 f4 18. Bxb6 axb6 19. Rad1 Rf5 20. Qe4 g5 21. Rfe1 Rg8 22. Bxc6 bxc6 23. Nxe5 Qh7 24. Ng4 h5 25. Qd4+ Qg7 26. Nh6 Qxd4 27. Rxd4 Rff8 28. Nxg8 Kxg8 29. Re6 Kg7 30. Re7+ Rf7 31. Rxf7+ Kxf7 32. Kf1 b5 33. Ke2 Kf6 34. h4 Kf5 35. hxg5 Kxg5 36. Kf3 1-0

[Event "GRE-chT 45th"]
[Site "Achaia"]
[Date "2017.07.03"]
[Round "1.16"]
[White "Nasos, Konstantinos"]
[Black "Antonopoulos, Panagiotis"]
[Result "1-0"]
[WhiteElo "1573"]
[BlackElo "1335"]
[PlyCount "97"]
[EventDate "2017.07.03"]
[EventType "team-swiss"]
[EventRounds "7"]
[EventCountry "GRE"]
[SourceTitle "CBM 179 Extra"]
[Source "ChessBase"]
[SourceDate "2017.08.23"]
[SourceVersion "1"]
[SourceVersionDate "2017.08.23"]
[SourceQuality "1"]
[WhiteTeam "Alexandroupolis Ethnikos"]
[BlackTeam "Filiatron CN"]
[WhiteTeamCountry "GRE"]
[BlackTeamCountry "GRE"]

1. d4 d5 2. c4 e6 3. Nf3 Nf6 4. g3 Be7 5. Bg2 0-0 6. 0-0 Nbd7 7. Qc2 c6 8. Nbd2 b6 9. e4 dxe4 10. Nxe4 Nxe4 11. Qxe4 Qc7 12. Ng5 Bxg5 13. Bxg5 Bb7 14. Bf4 Qd8 15. Qc2 Qf6 16. Rfe1 Rfe8 17. Re2 Red8 18. Rd1 Qe7 19. Qa4 Rdc8 20. b4 Nf8 21. c5 Nd7 22. Bd6 Qg5 23. f4 Qg4 24. Re3 Qf5 25. Qb3 Nf6 26. Re5 Qg6 27. Rg5 Qh6 28. Be5 Ne8 29. Bf3 g6 30. Rg4 Qf8 31. Rh4 Rd8 32. g4 Qe7 33. g5 Ng7 34. Bf6 Qc7 35. Bg4 Re8 36. Qh3 Qxf4 37. Rxh7 Qxg4+ 38. Qxg4 Kxh7 39. Rd3 Rh8 40. Rh3+ Kg8 41. Rxh8+ Kxh8 42. Qh4+ Kg8 43. Qh6 Kf8 44. Qxg7+ Ke8 45. Qg8+ Kd7 46. Qxf7+ Kc8 47. Qe8+ Kc7 48. Qe7+ Kc8 49. Qd8# 1-0

[Event "GRE-chT 44th"]
[Site "Achaia"]
[Date "2016.07.08"]
[Round "5.16"]
[White "Kolytas, Spiridon"]
[Black "Antonopoulos, Panagiotis"]
[Result "1/2-1/2"]
[WhiteElo "1783"]
[BlackElo "1288"]
[PlyCount "83"]
[EventDate "2016.07.05"]
[EventType "team-swiss"]
[EventRounds "7"]
[EventCountry "GRE"]
[SourceTitle "CBM 173 Extra"]
[Source "ChessBase"]
[SourceDate "2016.08.29"]
[SourceVersion "1"]
[SourceVersionDate "2016.08.29"]
[SourceQuality "1"]
[WhiteTeam "Corfu SPZ"]
[BlackTeam "Filiatron CN"]
[WhiteTeamCountry "GRE"]
[BlackTeamCountry "GRE"]

1. d4 d5 2. Nf3 Nf6 3. e3 e6 4. Bd3 Be7 5. 0-0 0-0 6. b3 b6 7. Bb2 Bb7 8. Ne5 Nbd7 9. f4 c5 10. Nd2 Rc8 11. g4 Nxe5 12. dxe5 Ne4 13. c4 f5 14. Nxe4 dxe4 15. Be2 Qxd1 16. Rfxd1 Rfd8 17. gxf5 exf5 18. Bc3 Rxd1+ 19. Rxd1 Rd8 20. Rb1 a5 21. a3 Ba6 22. Kf1 Rc8 23. Kf2 g6 24. Rh1 Kf7 25. h4 Ke6 26. Kg3 h5 27. Rd1 Rd8 28. Rd5 Bb7 29. Rxd8 Bxd8 30. b4 Bc7 31. Bd1 Bc6 32. Bb3 Bd7 33. Ba2 Bc6 34. Bb1 Be8 35. Be1 Bc6 36. Kf2 Bb7 37. Bc2 Bc6 38. Bb3 Be8 39. Ke2 Bd7 40. Kd1 Be8 41. Ke2 Bd7 42. b5 1/2-1/2

[Event "GRE-chT 44th"]
[Site "Achaia"]
[Date "2016.07.06"]
[Round "3.17"]
[White "Tsotras, Ioannis"]
[Black "Antonopoulos, Panagiotis"]
[Result "1-0"]
[WhiteElo "1385"]
[BlackElo "1288"]
[PlyCount "83"]
[EventDate "2016.07.05"]
[EventType "team-swiss"]
[EventRounds "7"]
[EventCountry "GRE"]
[SourceTitle "CBM 173 Extra"]
[Source "ChessBase"]
[SourceDate "2016.08.29"]
[SourceVersion "1"]
[SourceVersionDate "2016.08.29"]
[SourceQuality "1"]
[WhiteTeam "Evia HS"]
[BlackTeam "Filiatron CN"]
[WhiteTeamCountry "GRE"]
[BlackTeamCountry "GRE"]

1. e4 e5 2. Nf3 Nc6 3. d4 exd4 4. Nxd4 Nf6 5. Nc3 Be7 6. Nf5 0-0 7. Qe2 d6 8. Nxe7+ Qxe7 9. f3 Re8 10. Bg5 h6 11. Nd5 Qe5 12. Bxf6 gxf6 13. Nxc7 Re7 14. Nxa8 Qxb2 15. Qd1 Qc3+ 16. Kf2 Qc5+ 17. Ke2 Rxe4+ 18. fxe4 Bg4+ 19. Kd2 Bxd1 20. Rxd1 Ne5 21. Be2 Qa5+ 22. Ke3 Qd8 23. Rhf1 Qxa8 24. Rxf6 Qc8 25. Rfxd6 Qc3+ 26. Kf2 Qxc2 27. R1d2 Qxe4 28. R6d4 Qf5+ 29. Kg1 Nc6 30. R4d3 Qc5+ 31. Kf1 Qc1+ 32. Kf2 Qc5+ 33. Kf1 Qc1+ 34. Bd1 Qc4 35. Bb3 Qf4+ 36. Rf2 Qc1+ 37. Rd1 Qc5 38. Rxf7 Qb5+ 39. Kg1 Qb6+ 40. Kh1 Kh8 41. Rdd7 Kg8 42. Rh7+ 1-0

[Event "GRE-chT 44th"]
[Site "Achaia"]
[Date "2016.07.05"]
[Round "1.17"]
[White "Antonopoulos, Panagiotis"]
[Black "Loutragotis, Paraskevas Pantelei"]
[Result "0-1"]
[WhiteElo "1288"]
[BlackElo "1613"]
[PlyCount "86"]
[EventDate "2016.07.05"]
[EventType "team-swiss"]
[EventRounds "7"]
[EventCountry "GRE"]
[SourceTitle "CBM 173 Extra"]
[Source "ChessBase"]
[SourceDate "2016.08.29"]
[SourceVersion "1"]
[SourceVersionDate "2016.08.29"]
[SourceQuality "1"]
[WhiteTeam "Filiatron CN"]
[BlackTeam "Glyfadas Zenon"]
[WhiteTeamCountry "GRE"]
[BlackTeamCountry "GRE"]

1. e4 c5 2. Nc3 a6 3. g3 e6 4. Bg2 Nc6 5. Nge2 Nge7 6. d3 g6 7. 0-0 Bg7 8. Be3 Nd4 9. Rb1 0-0 10. Qd2 Nec6 11. f4 d6 12. a3 Nxe2+ 13. Nxe2 b6 14. c3 Bb7 15. f5 Ne5 16. fxg6 hxg6 17. Bh6 Kh7 18. Be3 Qe7 19. Rf2 Ng4 20. Rff1 Nxe3 21. Qxe3 Bh6 22. Qf3 f5 23. Nc1 fxe4 24. Qg4 Be3+ 25. Kh1 Rxf1+ 26. Bxf1 exd3+ 27. Bg2 Bxg2+ 28. Kxg2 Qb7+ 29. Kh3 Bxc1 30. Rxc1 Qd5 31. Qf4 Qf5+ 32. Qxf5 gxf5 33. c4 e5 34. Kg2 b5 35. cxb5 axb5 36. Rf1 Kg6 37. Kf2 c4 38. Ra1 d5 39. Ke3 d4+ 40. Kd2 e4 41. Ke1 e3 42. Rb1 Kg5 43. Kf1 c3 0-1